| 000 | 00436nam a2200181 a 4500 | ||
|---|---|---|---|
| 001 | 12542 | ||
| 003 | CO-ViMGA | ||
| 008 | 141112s2004 ck r 000 u spa d | ||
| 020 | _a8488045379 | ||
| 040 |
_aCO-ViMGA _bspa _cCO-ViMGA |
||
| 082 | 0 | 4 | _a759.946 F71 |
| 245 | 1 | 0 | _aGoya |
| 260 |
_aMadrid : _bElecta, _c1992 |
||
| 300 | _a235p. : il. color | ||
| 590 | _aEjemplares : 2 | ||
| 650 | 1 | 4 |
_aPINTURA - ESPAÑOLA _99189 |
| 942 |
_2ddc _cBK |
||
| 999 |
_c23537 _d23537 |
||